000 00411nam a2200145 4500
001 116817
003 ES-MaACL
007 t|
008 061121s1961 sp r ||||1| spa d
100 1 _aPascual Ferrández, Antonio.
_989381
245 1 0 _aEnsayos /
_cAntonio Pascual Ferrández.
260 _aBarcelona :
_bEdit. Peñíscola,
_c1961.
300 _a20 v. ;
_c18 cm.
852 _aES-MaACL
_jE-3781-3800
_bR.49107
999 _c116817
_d116817